|
|
|
|
| LEADER |
00000cam a2200000 7i4500 |
| 001 |
0000050699 |
| 005 |
20020205.0 |
| 020 |
|
|
|a 9839236989
|
| 090 |
0 |
0 |
|a 004.678
|b GRA
|
| 100 |
1 |
|
|a Gralla, Preston
|
| 245 |
1 |
0 |
|a Bagaimana internet berfungsi
|c Preston Gralla ; penterjemah Zol Azlan Hamidin dan Rohani Sulaiman
|
| 260 |
|
|
|a Petaling Jaya :
|b Pearson Education Malaysia Sdn Bhd ,
|c 2001
|
| 300 |
|
|
|a 323p. ;
|c 25cm.
|
| 650 |
0 |
0 |
|a Internet (Computer network)
|
| 650 |
0 |
0 |
|a Multimedia systems
|x Computer programs
|
| 650 |
0 |
0 |
|a World wide web
|
| 700 |
0 |
|
|a Rohani Sulaiman
|
| 700 |
0 |
|
|a Zol Azlan Hamidin
|
| 999 |
|
|
|a 118529
|b BUKU
|c PINJAMAN
|e PERPUSTAKAAN KOMUNITI PETALING JAYA
|
| 999 |
|
|
|a 118531
|b BUKU
|c PINJAMAN
|e PERPUSTAKAAN KOMUNITI PETALING JAYA
|